000 00801nam a22002537a 4500
999 _c216283
_d216283
005 20260216150131.0
008 260216b ||||| |||| 00| 0 eng d
020 _a9780674725324
040 _aLC
_cUNZA
_eRDA
050 _aQP 572.T4
_bJOR 2019
100 _aJordan-Young, Rebecca M.
_eauthor
245 _aTestosterone :
_ban unauthorized biography /
_cRebecca M. Jordan-Young and Katrina Karkazis.
260 _aCambridge :
_bHarvard University Press,
_c2019.
300 _a274 pages.
336 _aText
337 _aUnmediated
338 _aVolume
504 _aIncludes bibliographical references and index.
650 _aTestosterone.
650 _aTestosterone
_xPublic opinion.
650 _aMasculinity in popular culture.
700 _aKarkazis, Katrina
_eauthor
942 _cBOOK